| 000 | 01277nac a22003375a 4500 | ||
|---|---|---|---|
| 008 | 150812t1992 xxua|||frb || 001 0 eng d | ||
| 010 | _a 92000771 | ||
| 020 | _a0471532134 (cloth : acid-free paper) : | ||
| 040 |
_aEG-ScBUE _beng _cEG-ScBUE |
||
| 082 | 0 | 4 |
_a621.32 _bSCH |
| 100 | 1 | _aSchiler, Marc. | |
| 245 | 1 | 0 |
_aSimplified design of building lighting / _cMarc Schiler. |
| 260 |
_aNew York : _bWiley, _cc1992. |
||
| 300 |
_axii, 155 p. : _bill. ; _c26 cm. |
||
| 490 | 0 | _aParker-Ambrose series of simplified design guides. | |
| 500 | _aDistributer: Al-Ahram. | ||
| 500 | _a"A Wiley-Interscience publication." | ||
| 500 | _aAnswer to exercises :p.(134-144) | ||
| 500 | _aIndex :p.(153-155) | ||
| 500 | _aGlossary :p.(145-150) | ||
| 504 | _aIncludes bibliographical references:p. (151-152) | ||
| 590 | _aMenna Elemam | ||
| 650 | 0 |
_aLighting, Architectural and decorative. _2BUEsh. _919183 |
|
| 650 | 0 |
_aIndonesia--Kutai _2BUEsh. |
|
| 650 | 0 |
_aLight in architecture _2BUEsh. |
|
| 651 | _2BUEsh | ||
| 653 |
_bENGCIV _cAugust2015 |
||
| 856 | 4 | 2 |
_3Publisher description _uhttp://www.loc.gov/catdir/description/wiley031/92000771.html |
| 856 | 4 | 2 |
_3Table of Contents _uhttp://www.loc.gov/catdir/toc/onix01/92000771.html |
| 942 |
_cBB _k621.32SCH _2ddc |
||
| 999 |
_c6413 _d6413 |
||